000 00464nam a22001697a 4500
003 OSt
005 20250829044508.0
008 250829b |||||||| |||| 00| 0 eng d
020 _a0-06-073630-5.
040 _aDWCL-Admin lib
_cOC
082 _aFic. C65b 1996
100 _aCoelho, Paulo
245 _aBy the river piedra i sat down and wept
_cPaulo Coelho
260 _aNew York:
_bHarpertorch,
_cc1996.
300 _a180 p. ;
_c17 cm.
942 _2ddc
_cFIC.
_kFic.
_n0
999 _c4328
_d4328